Excursions : noticiari mensual de la Secció / Ateneu Enciclopèdic Popular noticiari mensual de la Secció / Ateneu Enciclopèdic Popular
Descripción Física:
21 cm
MARC
| LEADER | 00000nam a2200000Ia 4500 | ||
|---|---|---|---|
| 001 | |||
| 008 | 160829s1915 - xx 000 0 cat d | ||
| 008 | 160829s9999 xx 000 0 cat d | ||
| 080 | |a 3270, exp. 11 | ||
| 245 | |a Excursions : |b noticiari mensual de la Secció / Ateneu Enciclopèdic Popular | ||
| 260 | |a Barcelona : |b l'Ateneu, |c 1915 - | ||
| 300 | |a 21 cm | ||
| 362 | |a 2a èp., any 1, núm. 1 (maig 1915)- | ||
| 590 | |a Mensual. | ||
| 590 | |a Descripció basada en: Any 3, núm. 27 (jul. 1917). | ||
| 590 | |a Continuació de: Boletín de la Sección de Excursiones y Museo. | ||
| 650 | |a Ateneu Enciclopèdic Popular. Secció Excursions |x Revistes |9 43612 | ||
| 650 | |a Excursionisme |x Catalunya |x Revistes |9 43613 | ||
| 866 | |a Any 3, 1917 (27, 28, 29, 30, 31, 32, 33, 34); any 4, 1918 (35, 36, 37, 38) | ||
| 901 | |a Arxiu | ||
| 942 | |n 1 | ||
| 952 | |0 0 |1 0 |4 0 |6 3270_EXP_11 |7 1 |9 51536 |a Arxiu |b Arxiu |d 2016-12-01 |l 0 |o 3270, exp. 11 |r 2016-12-01 00:00:00 |w 2016-12-01 |y ARXIU | ||
| 999 | |c 55381 |d 55381 | ||